000 00538nam a2200181Ia 4500
005 20250923145327.0
008 008 250917s9999 xx 000 0 eng d
037 _aTextual
040 _aDSWL
_beng
_cDSWL
041 _aeng
_2eng
084 _aY:5:(L:71), N75
_qDSWL
100 _aFreedman, Ronald
_9834109
245 0 _aSociology of Human Fertility
_c by Ronald Freedman
260 _aNew York
_b Irvington Pub. Inc.
_c1975
300 _aiv,283p.
942 _cTEXL
_hY:5:(L:71), N75
999 _c1450034
_d1450034